000 00317nam a2200097Ia 4500
005 20250424112859.0
008 250424s9999 xx 000 0 und d
300 _avi, 83 p. :ill. ; 26 cm.
650 _aChartered Institute of Taxation of Nigeria. Taxation--Nigeria. Taxation--Law and legislation--Nigeria.
942 _cSR
999 _c37670
_d37670